Derecho patrimonial canónico

Saved in:
Bibliographic Details
Main Author: Schouppe, Jean-Pierre (Author)
Format: Book
Language:Spanish
Published: Pamplona Universidad de Navarra 2007
Edition:1a. ed
Subjects:
Tags: Add Tag
No Tags, Be the first to tag this record!

MARC

LEADER 00000cam a2200000 a 4500
001 UCE4099
003 CL-VaPUC
008 141009e20070000sp |||||||||||||||||spa|d
020 |a 9788431325084 
082 0 4 |a 262.9  |b SCH  |2 21 
100 0 |a Schouppe, Jean-Pierre  |e author  |9 576676 
245 1 0 |a Derecho patrimonial canónico 
250 |a 1a. ed 
300 |a 237 p 
942 |c BK 
945 |d 20141009 14:36:00  |a arojas 
260 |a Pamplona  |b Universidad de Navarra  |c 2007 
650 7 |a DERECHO CANONICO  |2 CL-VaPUC  |9 576677 
650 0 |a Iglesia Católica  |9 256114 
650 0 |a Derecho patrimonial   |9 391659 
583 |a last modification  |c 20141009 14:36:00  |k Rodrigo Vera 
999 |c 357176  |d 357174 
952 |0 0  |1 0  |3 erb  |4 0  |6 262_900000000000000_SCH_2007  |7 0  |8 A  |9 464999  |a BIBDER  |b BIBDER  |i 511778K  |o 262.9 SCH 2007  |p 511778K  |r 2023-01-25  |w 2019-11-23  |y BK  |z Catalogado en:20141009  |k DER